Vista normal Vista MARC

Contaminación y remediación de suelos en Colombia : (Registro nro. 17303)

Detalles MARC
000 -Cabecera (24)
Campo de control interno 01185nam a22002654a 4500
001 - Número de control
Campo de control UTEA
005 - Fecha y hora de la
Campo de control 20251001091516.0
006 - Campos de control - información adicional
Campos de control g||||gr||||||01 nz
007 - Tipo material - Descripcion fisica - info general
Tipo material ta
008 - Códigos de longitud fija (40p)
Campo de control de longitud fija 250922b co ||||| |||| 00| 0 spa d
020 ## - INTERNATIONAL STANDARD BOOK NUMBER
ISBN 978958565836
040 ## - Origen de la Catalogacion
Centro catalogador/agencia de origen UTEA
041 ## - Código de idioma (R)
Código de lengua del texto/banda sonora o título independiente (R) spa
082 ## - Número de la Clasificación
Número de la Clasificación 628.55
Notación Interna M26 2018
100 ## - Autor Personal
Autor Personal Martínez Sepúlveda Jose Alejandro
Término indicativo de función (R) autor
245 ## - Titulo
Titulo Contaminación y remediación de suelos en Colombia :
Subtitulo Aplicación a la minería de oro /*
Mención del autor José Alejandro Martínez Sepúlveda
Medio físico [Texto Impreso]
250 ## - Mencion de edicion
Mencion de edicion 1ra edición
260 ## - Editorial
Ciudad Colombia;
Nombre de la Editorial Editorial EAN, en el nogal;
Fecha 2018
300 ## - Descripcion
Páginas 110 páginas;
Otros detalles físicos figuras y tablas;
Dimensiones 17 x 24 cm.
505 ## - Nota de contenido formateada
Nota de contenido formateada Índice del Libro] La extracción de oro en Colombia -- Mecanismos convencionales de remediación de suelos contaminados -- Mecanismos no convencionales de remediación de suelos contaminadas --Alternativas de remediación para contaminación asociada a la minería aurífera en Colombia.
650 ## - Temas - Descriptores
Temas - Descriptores CONTAMINACIÓN
9 (RLIN) 41944
650 ## - Temas - Descriptores
Temas - Descriptores REMEDIACIÓN DE SUELOS
9 (RLIN) 59440
700 ## - Coautor Personal
Coautor Personal Miguel Reinaldo Casallas Ojeda
Término indicativo de función (R) coautor
9 (RLIN) 59441
942 ## - Datos personalizados Koha
Esquema de Clasificacion Dewey Decimal Classification
Tipo de Documento Libros
Fecha procesamiento 2025-09-22
Catalogador Cirila Celinda Molina Chirinos
Existencias
Estado de retiro Estado de pérdida Fuente de Clasificacion Estado No para préstamo Escuela Profesional/ Mención de Maestría Localización permanente Ubicación/localización actual Fecha de adquisición Fuente de adquisición Signatura topográfica completa Código de barras Número de Ejemplar Precio válido a partir de Tipo de ítem Koha Ubicación en estantería
    Dewey Decimal Classification     E.P. Ingeniería Ambiental y RR.NN. Biblio. Andahuaylas UTEA Biblio. Andahuaylas UTEA 09/22/2025 Compra 628.55 M26 2018 BAND25090268 ej.1 09/22/2025 Libros  
    Dewey Decimal Classification     E.P. Ingeniería Ambiental y RR.NN. Biblio. Andahuaylas UTEA Biblio. Andahuaylas UTEA 09/22/2025 Compra 628.55 M26 2018 BAND25090269 ej.2 09/22/2025 Libros  
    Dewey Decimal Classification     E.P. Ingeniería Ambiental y RR.NN. Biblioteca Abancay UTEA Biblioteca Abancay UTEA 09/29/2025 Compra 628.55 M26 2018 BABA25090425 ej.1 09/29/2025 Libros Área de Ciencias Puras y Aplicada (primer piso)
    Dewey Decimal Classification     E.P. Ingeniería Ambiental y RR.NN. Biblioteca Abancay UTEA Biblioteca Abancay UTEA 09/29/2025 Compra 628.55 M26 2018 BABA25090426 ej.2 09/29/2025 Libros Área de Ciencias Puras y Aplicada (primer piso)
    Dewey Decimal Classification     E.P. Ingeniería Ambiental y RR.NN. Biblioteca Cusco UTEA Biblioteca Cusco UTEA 10/01/2025 Compra 628.55 M26 2018 BCUS25100013 ej.1 10/01/2025 Libros Biblioteca Puputi
    Dewey Decimal Classification     E.P. Ingeniería Ambiental y RR.NN. Biblioteca Cusco UTEA Biblioteca Cusco UTEA 10/01/2025 Compra 628.55 M26 2018 BCUS25100014 ej.2 10/01/2025 Libros Biblioteca Puputi